Sobre Heidegger: cinco voces judías

Saved in:
Bibliografiske detaljer
Main Authors: Anders, Gunther (Author), Arendt, Hannah (Author), Jonas, Hans (Author), Strauss, Leo (Author)
Andre forfattere: Löwith, Karl (autor)
Format: Bog
Sprog:spansk
Udgivet: Buenos Aires Manantial 2008
Udgivelse:1a. ed
Serier:Bordes Manantial
Fag:
Tags: Tilføj Tag
Ingen Tags, Vær først til at tagge denne postø!

MARC

LEADER 00000cam a2200000 a 4500
001 UCH4826
003 CL-VaPUC
008 090910e20080000AG |||||||||||||||||spa|d
020 |a 9789875001107 
082 0 4 |a 190  |b AND  |2 21 
100 |a Anders, Gunther  |e author  |9 592300 
700 0 |a Arendt, Hannah  |e author  |9 376197 
700 |a Jonas, Hans  |e author  |9 503761 
700 |a Löwith, Karl  |e autor  |9 431924 
700 0 |a Strauss, Leo  |e author  |9 540774 
245 1 0 |a Sobre Heidegger: cinco voces judías 
250 |a 1a. ed 
300 |a 172 p 
942 |c BK 
945 |d 20090910 00:00:00  |a rbrito 
260 |a Buenos Aires  |b Manantial  |c 2008 
650 0 |a Filosofía alemana   |9 265002 
650 0 |a Filosofía contemporánea  |9 265372 
583 |a last modification  |c 20140121 08:47:15  |k Rodrigo Vera 
490 0 |a Bordes Manantial 
999 |c 336082  |d 336080 
952 |0 0  |1 0  |3 erb  |4 0  |6 190_000000000000000_AND_2008  |7 0  |8 A  |9 426980  |a BIBEDU  |b BIBEDU  |d 2019-11-22  |i 5019001  |o 190 AND 2008  |p 5019001  |r 2019-11-22  |w 2019-11-22  |y BK  |z Catalogado en:20131018  |k PSI